फल एवं साग सब्जी का महत्व / (Record no. 11499)

MARC details
000 -LEADER
fixed length control field 01065 a2200217 4500
005 - DATE AND TIME OF LATEST TRANSACTION
control field 20080825125245.0
008 - FIXED-LENGTH DATA ELEMENTS--GENERAL INFORMATION
fixed length control field 080825t xxu||||| |||| 00| 0 hin d
010 ## - LIBRARY OF CONGRESS CONTROL NUMBER
LC control number HIN-83013
020 ## - INTERNATIONAL STANDARD BOOK NUMBER
Terms of availability 100.00
International Standard Book Number 9788190440707
035 ## - SYSTEM CONTROL NUMBER
System control number HN-55359
037 ## - SOURCE OF ACQUISITION
Source of stock number/acquisition पु.प्र.अ.प्र/प्रका
082 ## - DEWEY DECIMAL CLASSIFICATION NUMBER
Classification number 635
100 ## - MAIN ENTRY--PERSONAL NAME
Personal name शर्मा, शालिनी
245 ## - TITLE STATEMENT
Title फल एवं साग सब्जी का महत्व /
Statement of responsibility, etc शालिनी शर्मा
246 ## - VARYING FORM OF TITLE
Title proper/short title Phal evam sag sabji ka mahatav
Remainder of title by Shalini Sharma
260 ## - PUBLICATION, DISTRIBUTION, ETC. (IMPRINT)
Place of publication, distribution, etc इलाहाबाद
Name of publisher, distributor, etc देव साहित्य प्रकाशन
Date of publication, distribution, etc 2007
270 ## - ADDRESS
Address 140/111, पी.डी.कीडगंज
City इलाहाबाद
300 ## - PHYSICAL DESCRIPTION
Extent 80पृ
Dimensions 22सेमी (सजिल्द)
942 ## - ADDED ENTRY ELEMENTS (KOHA)
Institution code [OBSOLETE] dpl
Koha item type Hindi Books
Call number prefix 635 / शर्माशा
Source of classification or shelving scheme Dewey Decimal Classification
Classification part 635
Call number suffix शर्माशा
Holdings
Withdrawn status Lost status Damaged status Not for loan Home library Current library Date acquired Cost, normal purchase price Total Checkouts Full call number Barcode Date last seen Copy number Uniform Resource Identifier Cost, replacement price Price effective from Koha item type
        D.B.Act.Division D.B.Act.Division   100.00   635 शर्माशा HN-55359 15/09/2008 1 12611 100.00 15/09/2008 Hindi Books

© Delhi Public Library
Hit Counter
free hit counter